| 000 | nam a22 7a 4500 | ||
|---|---|---|---|
| 999 |
_c233596 _d233596 |
||
| 003 | Nust | ||
| 005 | 20170309111036.0 | ||
| 008 | 170309b xxu||||| |||| 00| 0 eng d | ||
| 040 | _cDLC | ||
| 082 | _a005 OST | ||
| 100 | _aOstriker,J.P. | ||
| 245 | _aA Revised Guide to the Methodology of the Data Based Assesssment of Research Doctorate Progras in the United States 2010 | ||
| 942 |
_2ddc _cBK |
||